60 Second Blitz: World Capitals Quiz Stats

 Plays Quiz Updated Apr 18, 2019

Score 0/197 Timer 01:00
1 Play Today
Capital % Correct
London
81.6%
Paris
81.5%
Washington, D.C.
78.8%
Berlin
60.1%
Madrid
57.4%
Rome
55.9%
Mexico City
49.7%
Moscow
47.4%
Tokyo
44.9%
Ottawa
44.7%
Beijing
42.3%
Oslo
42.1%
Lisbon
40.9%
Dublin
37.6%
Canberra
31.5%
Stockholm
28.9%
Brasília
27.1%
Helsinki
25.8%
Lima
25.7%
Bern
24.7%
Athens
23.7%
Cairo
23.5%
Amsterdam
22.7%
Warsaw
21.1%
Brussels
20.8%
Copenhagen
19.5%
Vienna
19%
Buenos Aires
18.2%
Seoul
17.5%
Wellington
16%
Prague
15.2%
New Delhi
14.4%
Riga
13.9%
Vatican City
13.9%
Ankara
13.6%
Kyiv
13.3%
Santiago
12.7%
Havana
12.2%
Pretoria
12.1%
Budapest
11.8%
Bogotá
11.7%
Quito
11.5%
Panama City
10.8%
Caracas
10.3%
La Paz
10%
Monaco
9.9%
Luxembourg
9.5%
Jerusalem
9.3%
Tallinn
9%
Bangkok
8.8%
Sofia
8.5%
Minsk
8.2%
Baghdad
8.1%
Jakarta
8%
Bucharest
7.4%
Vaduz
7.2%
Hanoi
7.2%
San Marino
7.2%
Tehran
7.2%
Reykjavík
7.1%
Manila
7%
Accra
6.8%
Zagreb
6.7%
Kingston
6.6%
Tunis
6.6%
Vilnius
6.6%
Capital % Correct
Algiers
6.5%
Guatemala City
6.4%
Singapore
6.4%
Montevideo
6.2%
Rabat
6.2%
Pyongyang
6%
Suva
5.8%
San José
5.8%
Lomé
5.4%
Andorra la Vella
5.4%
Abu Dhabi
5.3%
Doha
5.1%
Dili
5.1%
Belgrade
5.1%
Amman
5%
Apia
5%
San Salvador
5%
Juba
4.9%
Bratislava
4.9%
Riyadh
4.9%
Kabul
4.9%
Baku
4.8%
Abuja
4.8%
Taipei
4.5%
Islamabad
4.4%
Valletta
4.4%
Dhaka
4.3%
Nairobi
4.2%
Nassau
4.1%
Belmopan
4%
Managua
4%
Beirut
4%
Tripoli
3.9%
Malé
3.8%
Asunción
3.7%
Tirana
3.6%
Nicosia
3.6%
Dakar
3.5%
Nur-Sultan
3.4%
Sarajevo
3.4%
Djibouti
3.3%
Addis Ababa
3.2%
Tegucigalpa
3.2%
Port-au-Prince
3.2%
Sana'a
3.1%
Putrajaya
3%
Kuwait City
3%
Muscat
2.9%
Damascus
2.9%
Skopje
2.9%
Ljubljana
2.8%
Kingstown
2.7%
Georgetown
2.6%
Asmara
2.2%
Luanda
2.2%
Manama
2.1%
Santo Domingo
2.1%
Sri Jayawardenapura Kotte
2.1%
Priština
2%
Bamako
1.9%
Harare
1.9%
Praia
1.9%
Lusaka
1.8%
Chişinău
1.8%
Vientiane
1.7%
Yerevan
1.7%
Capital % Correct
Dodoma
1.7%
Maputo
1.6%
Ulaanbaatar
1.6%
Kinshasa
1.6%
Freetown
1.6%
Yaren
1.6%
Kathmandu
1.6%
Bishkek
1.5%
Windhoek
1.5%
Bridgetown
1.4%
Khartoum
1.4%
Kigali
1.4%
Saint John's
1.4%
Podgorica
1.4%
Maseru
1.4%
Victoria
1.3%
Niamey
1.3%
Paramaribo
1.3%
Banjul
1.2%
Tbilisi
1.2%
Bangui
1.2%
Phnom Penh
1.2%
Bissau
1.2%
Port of Spain
1.2%
Malabo
1.1%
Roseau
1.1%
Mogadishu
1.1%
Castries
1.1%
Kampala
1.1%
Saint George's
1%
Tashkent
1%
Majuro
1%
Honiara
1%
Moroni
1%
Porto-Novo
1%
Antananarivo
1%
Port Moresby
0.9%
Ramallah
0.9%
Monrovia
0.9%
Mbabane
0.8%
Funafuti
0.8%
Thimphu
0.8%
Basseterre
0.8%
Ashgabat
0.7%
Lilongwe
0.7%
Conakry
0.7%
Ouagadougou
0.7%
Port Vila
0.7%
São Tomé
0.7%
Gaborone
0.7%
South Tarawa
0.7%
Dushanbe
0.6%
N'Djamena
0.6%
Brazzaville
0.6%
Palikir
0.6%
Port Louis
0.6%
Yaoundé
0.6%
Gitega
0.6%
Libreville
0.6%
Naypyidaw
0.5%
Nukuʻalofa
0.5%
Ngerulmud
0.5%
Bandar Seri Begawan
0.5%
Yamoussoukro
0.4%
Nouakchott
0.4%

You're not logged in!

Compare scores with friends on all Sporcle quizzes.
OR
Log In

Sporcle TV

Today on Sporcle TV


Watch our educational content, quiz creation guides, and fun videos on Sporcle TV.

Show Comments

Extras

Top Quizzes Today


Score Distribution

Your Account Isn't Verified!

In order to create a playlist on Sporcle, you need to verify the email address you used during registration. Go to your Sporcle Settings to finish the process.

Report this User

Report this user for behavior that violates our Community Guidelines.

Details: